Statistics for Towns of Labourd (Lapurdi)

Click here to take the quiz!

General Stats

  • This quiz has been taken 9 times
  • The average score is 22 of 41

Answer Stats

PopulationFirst
Letter
TownCounty% Correct
52.749BBaionaBAB
100%
7.449BBidarteItsasegia
100%
2.032EEzpeletaGaraia
100%
1.323GGetariaItsasegia
100%
17.796HHendaiaItsasegia
100%
6.033ZZiburuItsasegia
100%
667AAinhoaGaraia
80%
41.153AAngeluBAB
80%
25.764BBiarritzBAB
80%
8.809BBokaleBAB
80%
14.601DDonibane LohizuneItsasegia
80%
2.720SSaraGaraia
80%
10.543UUrruñaItsasegia
80%
3.301BBasusarriErdialdea
60%
1.217BBiriatuItsasegia
60%
621HHaltsuErdialdea
60%
7.577HHazparneEkialdea
60%
1.247JJatsuErdialdea
60%
6.669KKanboGaraia
60%
7.170SSenpereErdialdea
60%
7.476UUztaritzeErdialdea
60%
2.049AAhetzeErdialdea
40%
2.339AAhurtiEkialdea
40%
4.464AAzkaineItsasegia
40%
2.876BBeskoitzeEkialdea
40%
5.822HHiriburuBeherea
40%
2.129LLarresoroErdialdea
40%
5.291MMugerreBeherea
40%
2.344AArbonaErdialdea
20%
3.457AArrangoitzeErdialdea
20%
1.861BBardozeEkialdea
20%
1.033GGixuneEkialdea
20%
2.164IItsasuGaraia
20%
2.681LLehuntzeBeherea
20%
844LLekorneEkialdea
20%
367LLekuineEkialdea
20%
856LLuhusoGaraia
20%
598MMakeaEkialdea
20%
2.893MMilafrangaBeherea
20%
2.914UUrketaBeherea
20%
1.506ZZuraideGaraia
20%

Score Distribution

Percentile by Number Answered

Percent of People with Each Score

Your Score History

You have not taken this quiz